000 01080nam a2200253 a 4500
001 48681
003 BD-RjUL
005 20211209054552.0
008 160816s1964 bg ||||| |||| 00| p ben d
020 _c: Rs. 2.50
035 _a(BD-RjUL)48800
040 _aBD-RjUL
_bben
_cBD-RjUL
041 _aben
082 _223
_a891.4391
_bIQS 1964
100 _aইকবাল, মুহম্মদ
_9122528
245 1 0 _aশিক্ওআহ ও জওআব-ই-শিক্ওআহ্ /
_cমুহম্মদ ইকবাল ; অনুবাদ : মুহম্মদ শহীদুল্লাহ্
250 _aপরিবর্তিত নতুন সং.
260 _aঢাকা :
_bরেণেসা প্রিন্টার্স,
_c১৯৬৪
300 _a[১২], ৯২ পৃ. ;
_c১৭ সেমি
650 _aইসলামি কবিতা, উর্দূ
_9123540
650 _aIslamic poetry, Urdu.
_9146952
700 _aশহীদুল্লাহ্, মুহম্মদ, অনুবাদক
_9146953
942 _2ddc
_cBK
_01
999 _c48681
_d48681